Normal view
MARC view
- Kiefer, Ralphus .
Entry Personal Name
001 - CONTROL NUMBER
- control field: 353
003 - CONTROL NUMBER IDENTIFIER
- control field: OSt
005 - DATE AND TIME OF LATEST TRANSACTION
- control field: 20160609162056.0
008 - FIXED-LENGTH DATA ELEMENTS
- fixed length control field: 160609|| aca||aabn | a|a d
040 ## - CATALOGING SOURCE
- Original cataloging agency: OSt
- Transcribing agency: OSt
100 ## - HEADING--PERSONAL NAME
- Personal name: Kiefer, Ralphus .
670 ## - SOURCE DATA FOUND
- Source citation: Work cat.: (OSt)4856: Lillesand, Thomas. Chipman Jonathan, W 352, Remote sensing and image interpretation / , 2013
